<?xml version="1.0" encoding="UTF-8"?>
<marc:record xmlns:marc="http://www.loc.gov/MARC21/slim">
   <marc:leader>00000nam a2200000 a 4500</marc:leader>
   <marc:datafield ind1="1" ind2=" " tag="100">
      <marc:subfield code="a">Challoner, Jack</marc:subfield>
      <marc:subfield code="4">aut</marc:subfield>
      <marc:subfield code="e">Verfasser/-in</marc:subfield>
   </marc:datafield>
   <marc:datafield ind1=" " ind2=" " tag="653">
      <marc:subfield code="a">Antolin</marc:subfield>
   </marc:datafield>
   <marc:datafield ind1=" " ind2=" " tag="653">
      <marc:subfield code="a">Klasse-7</marc:subfield>
   </marc:datafield>
   <marc:datafield ind1="0" ind2="0" tag="245">
      <marc:subfield code="a">Supertechnik</marc:subfield>
   </marc:datafield>
   <marc:datafield ind1="0" ind2="0" tag="245">
      <marc:subfield code="b">Wie wir mit Naturwissenschaften die Welt verändern</marc:subfield>
   </marc:datafield>
   <marc:datafield ind1=" " ind2="1" tag="264">
      <marc:subfield code="b">Dorling Kindersley Verlag GmbH</marc:subfield>
      <marc:subfield code="c">2022</marc:subfield>
   </marc:datafield>
   <marc:datafield ind1="1" ind2=" " tag="520">
      <marc:subfield code="a">Super-Technik super erklärt
Wissenschaft ist keine reine Theorie: Sie liegt allen Dingen zugrunde, die wir in der modernen Welt nutzen, beispielsweise den Mitteln moderner Kommunikation, unserer Beleuchtung, Transportmitteln oder auch Kleidung. Alles, was die Erkenntnisse der Wissenschaft für Menschen praktisch nutzbar macht, ist Technik. Dieses visuell beeindruckende Buch zeigt, wie Forschung angewandt wird, um unser Leben einfacher zu gestalten und Lösungen für Probleme zu finden. Auf dem aktuellen Stand der Forschung und vollgepackt mit der neusten Technik weckt das Sachbuch die Neugier für Naturwissenschaften. (Verlagstext)</marc:subfield>
   </marc:datafield>
   <marc:datafield ind1=" " ind2=" " tag="020">
      <marc:subfield code="a">9783831043729</marc:subfield>
      <marc:subfield code="9">9783831043729</marc:subfield>
   </marc:datafield>
</marc:record>
